00494nam a2200181Ia 4500003000900000008004100009040001300050040001300063041000800076100001900084245014200103250001100245260001800256260000900274300001100283300001200294490000600306IT-RoPAU120407s9999 xx 000 0 und d aIT-RoPAU cIT-RoPAU aita aHenry W. Maier aL’età infantile. Guida all’uso delle teorie evolutive di E.H.Erikson, J. Piaget e R.R. Sears nella pratica psico-pedagogica. 7a ed. aMilano aFranco Angeli c1983 a342 p. c17,5 cm v1